ARRUPE JESUIT UNIVERSITY

CORONAVIRUS -STOP THE SPREAD - CLEAN,DISINFECT,COVER

Douens : (Record no. 124787)

MARC details
000 -LEADER
fixed length control field 00679nam a2200229 a 4500
001 - CONTROL NUMBER
control field 2316983
003 - CONTROL NUMBER IDENTIFIER
control field ARRUPE
005 - DATE AND TIME OF LATEST TRANSACTION
control field 20160503110957.0
008 - FIXED-LENGTH DATA ELEMENTS--GENERAL INFORMATION
fixed length control field 850118s1981 xx a 000 0 eng
010 ## - LIBRARY OF CONGRESS CONTROL NUMBER
LC control number 81081851
020 ## - INTERNATIONAL STANDARD BOOK NUMBER
International Standard Book Number 0960634207
020 ## - INTERNATIONAL STANDARD BOOK NUMBER
International Standard Book Number 0960634215 (pbk.)
040 ## - CATALOGING SOURCE
Original cataloging agency DLC
Transcribing agency DLC
Modifying agency DLC
050 00 - LIBRARY OF CONGRESS CALL NUMBER
Classification number PR9272.9.C54
Item number D6 1981
082 00 - DEWEY DECIMAL CLASSIFICATION NUMBER
Classification number 811
Edition number 19
300 ## - PHYSICAL DESCRIPTION
Other physical details ill. ;
Dimensions 23 cm.
100 1# - MAIN ENTRY--PERSONAL NAME
Personal name Clarke, LeRoy.
9 (RLIN) 24322
245 10 - TITLE STATEMENT
Title Douens :
Remainder of title poems and drawings /
Statement of responsibility, etc by LeRoy Clarke.
260 ## - PUBLICATION, DISTRIBUTION, ETC. (IMPRINT)
Place of publication, distribution, etc [S.l.] :
Name of publisher, distributor, etc KaRaEle ;
Place of publication, distribution, etc Brooklyn, NY :
Name of publisher, distributor, etc Distributed by D.A. Reid,
Date of publication, distribution, etc c1981.
300 ## - PHYSICAL DESCRIPTION
Extent 120 p.;
906 ## - LOCAL DATA ELEMENT F, LDF (RLIN)
a 7
b cbc
c orignew
d 3
e opcn
f 19
g y-gencatlg
942 ## - ADDED ENTRY ELEMENTS (KOHA)
Source of classification or shelving scheme Library of Congress Classification
Koha item type Monograph ( Printed materials)
Holdings
Withdrawn status Lost status Source of classification or shelving scheme Damaged status Not for loan Collection code Home library Current library Shelving location Date acquired Total Checkouts Full call number Barcode Date last seen Price effective from Koha item type
    Library of Congress Classification     Main Collection ARRUPE LIBRARY ARRUPE LIBRARY Main Collection 03/05/2016   PR9272.9.C54D6 1981 46500006417 03/05/2016 03/05/2016 Monograph ( Printed materials)

 

Arrupe Library. PO Box MP320 Mt Pleasant, Harare, Zimbabwe
263 242 745411|librarian@aju.ac.zw